[Event "Varde Weekend Grp2"]
[Site "Varde"]
[Date "2018.05.04"]
[Round "1"]
[White "Knudsen, Kent"]
[Black "Knudsen, Philip Uhre"]
[Result "0-1"]
[WhiteElo "1135"]
[BlackElo "1077"]
[PlyCount "70"]
[EventDate "2018.05.04"]
[EventType "tourn"]
[EventRounds "5"]
[EventCountry "DEN"]
[SourceTitle "EXT 2023"]
[Source "ChessBase"]
[SourceDate "2022.10.05"]
[SourceVersion "1"]
[SourceVersionDate "2022.10.05"]
[SourceQuality "1"]

1. e4 e5 2. Nf3 Nc6 3. Bb5 a6 4. Bxc6 dxc6 5. Nc3 Bd6 6. d3 h6 7. 0-0 Bg4 8. h3 Bh5 9. b3 Nf6 10. Bb2 0-0 11. g4 Bg6 12. Ne2 Re8 13. Re1 Nh7 14. Ng3 Ng5 15. Kg2 Qf6 16. Nxg5 Qxg5 17. c4 Re6 18. f3 Bb4 19. Rf1 Qe3 20. a3 Be7 21. Rc1 Rd8 22. Re1 Qxd3 23. b4 Red6 24. Qxd3 Rxd3 25. Ne2 Bh4 26. Bxe5 Bxe1 27. Rxe1 Rxa3 28. Bxc7 Rdd3 29. Nf4 Rxf3 30. Nxg6 fxg6 31. e5 Rfe3 32. Rd1 Rad3 33. Rf1 Rg3+ 34. Kh2 Rxh3+ 35. Kg2 Rdg3+ 0-1